LEADER 00955cam0-22003611i-450- 001 990007396520403321 005 20080616100850.0 010 $a88-7802-227-6 035 $a000739652 035 $aFED01000739652 035 $a(Aleph)000739652FED01 035 $a000739652 100 $a20030304d1991----km-y0itay50------ba 101 1 $aita 102 $aIT 105 $ay-------001cy 200 1 $aSpinoza$efilosofia pratica$fGilles Deleuze 210 $aMilano$cGuerini e Associati$d1991 215 $a173 p.$d23 cm 225 1 $aSaggi$v26 610 0 $aSpinoza, Benedictus de 676 $a199.492$v21$zita 676 $a170$v11$zita 700 1$aDeleuze,$bGilles$f<1925-1995>$0139769 801 0$aIT$bUNINA$gRICA$2UNIMARC 901 $aBK 912 $a990007396520403321 952 $aXIF D 6(4)$fDFD 952 $aP.1 6V SPIN/S 28$bBibl. 46942$fFLFBC 959 $aDFD 959 $aFLFBC 996 $aSPINOZA$9555894 997 $aUNINA LEADER 01002nam a22002531i 4500 001 991001088659707536 005 20040226124838.0 008 040318s1975 it |||||||||||||||||ita 035 $ab12716327-39ule_inst 035 $aARCHE-070058$9ExL 040 $aDip.to Filosofia$bita$cA.t.i. Arché s.c.r.l. Pandora Sicilia s.r.l. 082 04$a346.7 100 1 $aLo Cigno, Ottavio$0229455 245 10$aDel lavoro ; Delle società per azioni /$cOttavio Lo Cigno 260 $a[Torino] :$bUnione tipografico-editrice torinese,$cstampa 1975 300 $aXII, 324 p. ;$c24 cm 440 0$aCommentario del codice civile ;$v5.3 650 4$aSocietà per azioni 907 $a.b12716327$b02-04-14$c31-03-04 912 $a991001088659707536 945 $aLE005 DIR IV A 32 v. 5.3$cV. 5.3$g1$i2005000155062$lle005$o-$pE0.00$q-$rl$s- $t0$u0$v0$w0$x0$y.i13240511$z31-03-04 996 $aDel lavoro ; Delle società per azioni$9270166 997 $aUNISALENTO 998 $ale005$b31-03-04$cm$da $e-$fita$git $h0$i1